000 00361nam a22001451a 4500
082 _aM1
_bAYA/T
100 _aAyyappan A
245 _aTherenjedutha kavithakal:
_bA Ayyappan/
_cby Ayyappan A
260 _aKozhikode:
_bHaritham,
_c2011.
300 _a514p.
650 _aPoetry Malayalam
650 _aLiterature Malayalam
650 _aLiterature
942 _cBK
999 _c46881
_d46881